Ulises
Saved in:
| 主要作者: | |
|---|---|
| 格式: | 图书 |
| 语言: | 西班牙语 |
| 出版: |
Barcelona
Lumen
1999
|
| 版: | 8a. ed |
| 丛编: | Fábula, 19
|
| 主题: | |
| 标签: |
添加标签
没有标签, 成为第一个标记此记录!
|
MARC
| LEADER | 00000nam a2200000 a 4500 | ||
|---|---|---|---|
| 001 | UCO8601 | ||
| 003 | CL-VaPUC | ||
| 008 | 001215e19990000SP |||||||||||||||||spa|d | ||
| 082 | 0 | 4 | |a 823 |b JOY |2 21 |
| 100 | |a Joyce, James Augustine |e author |9 498658 | ||
| 245 | 1 | 0 | |a Ulises |
| 250 | |a 8a. ed | ||
| 300 | |a 791 p | ||
| 942 | |c BK | ||
| 945 | |d 20001215 00:00:00 |a vberengu | ||
| 260 | |a Barcelona |b Lumen |c 1999 | ||
| 650 | 0 | |a Literatura irlandesa |9 349943 | |
| 650 | 0 | |a Novelas irlandesas |9 266298 | |
| 583 | |a last modification |c 20001215 00:00:00 |k Rodrigo Vera | ||
| 490 | 0 | |a Fábula, 19 | |
| 999 | |c 293177 |d 293175 | ||
| 952 | |0 0 |1 0 |4 0 |6 823_000000000000000_JOY_1999 |7 0 |8 A |9 344510 |a BIBART |b BIBART |d 2019-11-20 |i 3677710 |l 1 |o 823 JOY 1999 |p 3677710 |r 2025-03-13 |s 2023-08-07 |w 2019-11-20 |y BK |k ART | ||
| 952 | |0 0 |1 0 |4 0 |6 823_000000000000000_JOY_1999 |7 0 |8 A |9 344511 |a BIBHIS |b BIBHIS |d 2019-11-20 |i 4514572 |l 2 |o 823 JOY 1999 |p 4514572 |r 2025-01-20 |s 2023-03-30 |w 2019-11-20 |y BK |k HIS | ||